ਮੇਰੀ ਕਵਿਤਾ ਦਾ ਸਫ਼ਰ / (Record no. 110910)

MARC details
000 -LEADER
fixed length control field 01044nam a22002537a 4500
005 - DATE AND TIME OF LATEST TRANSACTION
control field 20170123164159.0
010 ## - LIBRARY OF CONGRESS CONTROL NUMBER
LC control number A-551352
020 ## - INTERNATIONAL STANDARD BOOK NUMBER
Terms of availability 250.00
International Standard Book Number 818526781
035 ## - SYSTEM CONTROL NUMBER
System control number A-551352
037 ## - SOURCE OF ACQUISITION
Source of stock number/acquisition Cen Lib / Ret
040 ## - CATALOGING SOURCE
Original cataloging agency DPL
Language of cataloging PN
082 ## - DEWEY DECIMAL CLASSIFICATION NUMBER
Classification number 851
Item number ਸਹਿਰਾ
100 ## - MAIN ENTRY--PERSONAL NAME
Personal name ਸਹਿਰਾਈ, ਪਿਆਰਾ ਸਿੰਘ
9 (RLIN) 7478
245 ## - TITLE STATEMENT
Title ਮੇਰੀ ਕਵਿਤਾ ਦਾ ਸਫ਼ਰ /
Statement of responsibility, etc ਪਿਆਰਾ ਸਿੰਘ ਸਹਿਰਾਈ
246 ## - VARYING FORM OF TITLE
Title proper/short title Mer kavita da safar /
Remainder of title by Piara Singh Sehrai
260 ## - PUBLICATION, DISTRIBUTION, ETC. (IMPRINT)
Place of publication, distribution, etc ਦਿੱਲੀ
Name of publisher, distributor, etc ਨਵਯੁਗ ਪਬਲਿਸ਼ਰਜ਼
Date of publication, distribution, etc 1992
270 ## - ADDRESS
Address ਪਲੱਈਅਰ ਗਾਰਡਨ ਮਾਰਕਿਟ,ਚਾਂਚਨੀ ਚੈਕ
City ਦਿੱਲੀ
Postal code 10006
300 ## - PHYSICAL DESCRIPTION
Extent 528p.
Dimensions 22cm(Hb)
650 ## - SUBJECT ADDED ENTRY--TOPICAL TERM
Topical term or geographic name as entry element ਸਾਹਿਤ --ਪੰਜਾਬੀ
9 (RLIN) 132226
650 ## - SUBJECT ADDED ENTRY--TOPICAL TERM
Topical term or geographic name as entry element ਪੰਜਾਬੀ--- ਕਵਿਤਾਵਾਂ
9 (RLIN) 132227
650 ## - SUBJECT ADDED ENTRY--TOPICAL TERM
Topical term or geographic name as entry element Literature--Punjabi
9 (RLIN) 132228
650 ## - SUBJECT ADDED ENTRY--TOPICAL TERM
Topical term or geographic name as entry element Punjabi-- Poetry
9 (RLIN) 132229
942 ## - ADDED ENTRY ELEMENTS (KOHA)
Source of classification or shelving scheme Dewey Decimal Classification
Koha item type Punjabi Bks
Classification part 851
Call number suffix ਸਹਿਰਾ
Holdings
Withdrawn status Lost status Damaged status Not for loan Home library Current library Date acquired Source of acquisition Cost, normal purchase price Total Checkouts Full call number Barcode Date last seen Copy number Cost, replacement price Price effective from Koha item type
        Central Library Central Library 10/02/2016 Cen Lib/Ret 250.00   851 ਸਹਿਰਾ A-551352 10/02/2016 1 250.00 10/02/2016 Punjabi Bks

© Delhi Public Library
Hit Counter
free hit counter